Rhyming Geography #2 - Statistics

General Stats
  • This quiz has been taken 29 times
  • The average score is 5 of 21
Answer Stats
Hint Answer % Correct
Tobago's big brother + Capital of Iraq Trinidad - Baghdad
68%
Persia + Formosa Iran - Taiwan
56%
Capital of South Sudan + Largest Caribbean island Juba - Cuba
44%
A Baltic state + A Spanish autonomous community Estonia - Catalonia
36%
Sweden's largest island + Country with Lochs Gotland - Scotland
36%
Ceylon + 'White house' Sri Lanka - Casablanca
32%
Upland area of Yorkshire + Cymru Dales - Wales
28%
Washington port city + The Sooner State Tacoma - Oklahoma
28%
Federated island nation + Zimbabwe Micronesia - Rhodesia
24%
Two word island of Polynesia + Two Co-Prince microstate Bora Bora - Andorra
16%
Fargo's state + Moorhead's state North Dakota - Minnesota
16%
Capital of Dominica + Capital of Benin Roseau - Porto-Novo
16%
Region where Turkey is + 18th largest country Anatolia - Mongolia
12%
Land of Lincoln + Enemy of Sparta Illinois - Troy
12%
Capital of Tamil Nadu + 'The Oriental Republic' Chennai - Uruguay
8%
French Caribbean territory + Portuguese African colony Martinique - Mozambique
8%
The Keystone State + Only country with flag without red, white, blue or black Pennsylvania - Mauritania
8%
Caspian Sea city + Its currency is the 'Sol' Baku - Peru
4%
Most populous country + Where Venus flytraps come from China - North Carolina
4%
Nippon + Mannin Japan - Isle of Man
4%
'The place of rest' + 'An abundance of fish' Manama - Panama
4%
No matching quizzes found
Score Distribution
Percent of People with Each Score
Percentile by Number Answered
Your Score History
You have not taken this quiz